000 00471pam a2200169a 44500
008 230405s2002 xxu||||| |||| 00| 0 eng d
041 _aENG
100 _aJACOB MILLMAN
245 _aPULSE DIGITAL &SWITCHING WAVE FORMS
260 _aNEW DELHI
_bTATA MCGEAW HALL , PUBLISHING CP- LTD, 43/7 WEST PATELI NAGAR NEW DELHI 111 0008
_c2002
300 _a958p.
440 _aRS.275
650 _aDIGITAL SYSTEMS
690 _aEJ
700 _aHERBERT TAUB
906 _a945
999 _c779326
_d779326